00992cam a22002291 4500001001300000003000400013005001700017008004100034010001700075035002000092040004800112042001200160050002200172100002900194245028800223260004800511300002500559490005200584650003400636700002800670830006400698e 32000273 DLC20260227111222.0950905s1932 dcu b f000 0 eng c ae 32000273  a(OCoLC)33082235 aLibrary, U.S. Office of EducationcNRUdDLC apremarc00aZ5811b.U42 no. 71 aWhitcomb, Emeline Storm.10aGood references on the home economics curriculum ...cCompiled by Emeline S. Whitcomb, senior specialist in home economics and Louise O. Pettit, Office of Education. U.S. Department of the Interior, Ray Lyman Wilbur, secretary. Office of Education, William John Cooper, commissioner. aWashington,bU.S. Govt. Print. Off.,c1932. aii, 8 p.c21 x 8 cm.1 aU.S. Office of Education. Bibliography ;vno. 7 0aHome economicsvBibliography.1 aPettit, Louise Octavia. 0aBibliography (United States. Office of Education) ;vno. 7.